02315cam a22003974i 4500003000900000005001700009008004100026035002000067040003300087100003900120245020100159264001000360300004000370336002100410337002500431338002300456502005900479504002400538520113600562526001001698526001001708526000901718526000901727526000901736526000901745526000901754526000901763526000901772526000801781526000801789526000801797526000801805526000801813650005601821700004001877PE-LiUPU20250731165435.0160429s2014 pe a grm 000 0 spa d a(Sirsi) a156576 aPE-LiUPUbspacPE-LiUPUerda1 aAlomía Lozano, Danny Litaeautor1 aInteriozación de las normas del protocolo de actos académicos por los administradores, docentes y personal de apoyo de la Universidad Peruana Unión, año 2014 /cDanny Lita Alomía Lozano. 0c2014. a133 hojas : bilustraciones;c30 cm atext2rdacontent aunmediated2rdamedia avolume2rdacarrier aTesisb(Lic.) -- cUniversidad Peruana Unión,d2014. aIncluye referencias3 aLa presente investigación tuvo el propósito de analizar el nivel de interiorización tanto a nivel de conocimientos, prácticas y actitudes en la aplicación de las normas del protocolo de actos académicos por los administradores y docentes de la Universidad Peruana Unión en el desarrollo de los eventos académicos del año lectivo 2014. El método de estudio corresponde a una investigación descriptiva comparativa, descriptiva, siendo que se midió independientemente el nivel de interiorización en cada dimensión considerada tanto de los administradores, docentes y personal de apoyo; y comparativa pues se trata de establecer las diferencias o semejanzas por los niveles de interiorización que lo definen, en base a la descripción. El diseño corresponde a un estudio observacional donde la recolección a un estudio observacional donde la recolección de datos fue a través de la aplicación del instrumento "cuestionario sobre el nivel de interiozación cognitiva, actitudinal y práctica del protocolo de actos académicos por los administradores, docentes y personal de apoyo de la UPeU. aSEG44 aSEG26 aP151 aP150 aP149 aP146 aP145 aP126 aP125 aP92 aP75 aP74 aP27 aP1504aProtocoloxSistema de normasxReglas de formalidad.1 aLazo Palacios, Nancy Abigaileautor